• 首页
  • 本馆介绍
  • 公告通知
  • 最新文献
  • 馆藏检索
  • 电子资源
  • 读者导购
  • 参考咨询
  • 我的图书馆
  • 登录
  • 详细信息显示
  • 放入我的书架
  • 预约/预借图书
  • 作者相关作品
  • 分类相关作品
  • 丛书相关作品
  • 出版社相关作品

书目信息

  • 表格格式
  • 工作单格式
  • 卡片格式
题名:
中国语言文学系学生阅读书目
    
 
作者: ;南开大学中文系 编
分册:  
出版信息: 天津   南开大学出版社  1986
页数: 170页
开本: 20cm
丛书名:
单 册:
中图分类: Z836
科图分类:
主题词: 参考书目录
电子资源:
ISBN: 7-310-00047-1
000 00663nam0 2200217 45
001 0186004072
005 20041230144641.2
010    @a7-310-00047-1@dCNY1.70
100    @a19951122d1986 em y0chiy0121 ea
101 0  @achi
102    @aCN@b120000
105    @ay z 000yy
200 10 @a中国语言文学系学生阅读书目@Azhong guo yu yan wen xue xi xue sheng yue du shu mu@f南开大学中文系编@FNan Kai Da Xue Zhong Wen Xi Bian
210    @a天津@c南开大学出版社@d1986
215    @a170页@d20cm
606    @a参考书目录
690    @aZ836@v3
711 02 @a南开大学中文系@4编
801  0 @aCN@b深圳图书馆@c20040922
801  2 @aCN@bNLC@c20040922
905    @dZ836@e17@f1@b227543
    
    中国语言文学系学生阅读书目/南开大学中文系编.-天津:南开大学出版社,1986
    170页;20cm
    
    
    ISBN 7-310-00047-1:CNY1.70
    
●
相关链接 在E读中查询图书 在五车中查询图书 在当当中查询图书 在豆瓣中查询图书


正题名:中国语言文学系学生阅读书目     索取号:Z836/17         预约/预借

序号 登录号 条形码 馆藏地/架位号 状态 备注
1 0227541   001961363   密集书库/ [索取号:Z836/17] 在馆    
2 0227542   002030082   密集书库/ [索取号:Z836/17] 在馆    
3 0227543   001557167   第二样本阅览室/ [索取号:Z836/17] 在馆    
唐山师范学院图书馆 欢迎您!
大连网信软件有限公司© 版权所有